ADMINISTRATÍVNA BUDOVA

Na minha lista:
Detalhes bibliográficos
Autor principal: Juhászová, Nikoleta (Author)
Outros Autores: Vavrovič, Boris (Thesis advisor)
Formato: Manuscrito Livro
Idioma:eslovaco
Publicado em: 2019
Assuntos:
Acesso em linha:http://is.stuba.sk/zp/portal_zp.pl?podrobnosti=144679
https://opac.crzp.sk/?fn=detailBiblioForm&sid=9F8942B94996237AA2FD1EF666DC
Tags: Adicionar Tag
Sem tags, seja o primeiro a adicionar uma tag!

MARC

LEADER 00000ntm a22000003a 4500
001 stuzp72994
003 SK-STU
005 20230531134754.1
007 ta
008 150427s2015----xo-----f-mn---000-0-slo-d
040 |a STU  |b slo 
041 0 |a slo 
100 1 |a Juhászová, Nikoleta  |u 010180  |4 aut  |U SvF Stavebná fakulta  |T SvF Katedra konštrukcií pozemných stavieb  |X 93433  |U V180  |Y 18  |7 93433 
242 0 1 |a Office building  |y eng 
245 1 0 |a ADMINISTRATÍVNA BUDOVA 
260 |c 2019 
650 4 |a architektonicko-konštrukčný návrh  |2 slo 
650 4 |a tepelnotechnické posúdenie  |2 slo 
650 4 |a administratívna budova  |2 slo 
650 4 |a Office Building  |2 eng 
650 4 |a Architectural Design  |2 eng 
650 4 |a Thermophysical Evaluation  |2 eng 
700 1 |a Vavrovič, Boris  |u 010180  |k Z1  |4 ths  |U SvF Stavebná fakulta  |T SvF Katedra konštrukcií pozemných stavieb  |X 619  |U V180  |Y 18  |7 A000000619 
856 4 |u http://is.stuba.sk/zp/portal_zp.pl?podrobnosti=144679 
856 4 |u https://opac.crzp.sk/?fn=detailBiblioForm&sid=9F8942B94996237AA2FD1EF666DC